Phương trình tích phân tuyến tính: sự tồn tại nghiệm và ứng dụng

Nội dung bao gồm 5 chương: Chương 1 Không gian định chuẩn và các loại toán tử. Chương 2 Lý thuyết Riesz. Chương 3 Hệ đối ngẫu và lý thuyết Fredholm. Chương 4 chỉnh hóa trong hệ đối ngẫu. Chương 5 Lý thuyết thế vị...

সম্পূর্ণ বিবরণ

সংরক্ষণ করুন:
গ্রন্থ-পঞ্জীর বিবরন
প্রধান লেখক: Đặng, Hoàng Tâm
বিন্যাস: গ্রন্থ
ভাষা:Undetermined
প্রকাশিত: Cần Thơ Đại học Cần Thơ [2003]
বিষয়গুলি:
ট্যাগগুলো: ট্যাগ যুক্ত করুন
কোনো ট্যাগ নেই, প্রথমজন হিসাবে ট্যাগ করুন!
Thư viện lưu trữ: Trung tâm Học liệu Trường Đại học Cần Thơ
LEADER 00953nam a2200205Ia 4500
001 CTU_83285
008 210402s9999 xx 000 0 und d
082 |a 515 
082 |b T120 
088 |a 604601 
100 |a Đặng, Hoàng Tâm 
245 0 |a Phương trình tích phân tuyến tính: sự tồn tại nghiệm và ứng dụng 
245 0 |c Đặng Hoàng Tâm 
260 |a Cần Thơ 
260 |b Đại học Cần Thơ 
260 |c [2003] 
520 |a Nội dung bao gồm 5 chương: Chương 1 Không gian định chuẩn và các loại toán tử. Chương 2 Lý thuyết Riesz. Chương 3 Hệ đối ngẫu và lý thuyết Fredholm. Chương 4 chỉnh hóa trong hệ đối ngẫu. Chương 5 Lý thuyết thế vị 
650 |a Mathematical analyssis 
904 |i Bằng, QHieu 
980 |a Trung tâm Học liệu Trường Đại học Cần Thơ